000 01777cam a2200385 a 4500
003 CHAP
005 20220817043634.0
008 000316d1999 cu a r 10100 spa d
010 _a80396
011 _a81368
035 _a91837
040 _cCHAP
082 0 4 _a630.71063
_bS5
111 0 0 _aSimpósium Internacional La Educación Superior Agropecuaria ante los Retos del Próximo Milenio
_d(1998:
_cSan José de la Habana, Cuba)
245 1 0 _aMemorias
_c/ org. por Universidad Agraria de la Habana "Fructuoso Rodríguez Pérez"
260 _aSan José de la Habana, Cuba :
_bUniversidad Agraria de la Habana "Fructuoso Rodríguez Pérez"
_c1999.
300 _a183 p. :
_bilus. ; gráfs.
590 _aBATCH-UPD
_b10
_c20130110
_lUCH01
_h0743
590 _aBATCH-UPD
_b10
_c20130410
_lUCH01
_h0425
590 _aBATCH-UPD
_b10
_c20130914
_lUCH01
_h1242
590 _aCONVERSION
_b10
_c20130109
_lUCH01
_h1345
650 1 4 _aEducación agrícola
_xCongresos.
_935504
650 1 4 _aEducación superior
_xCongresos.
_935617
901 _aBK
905 _aBlanca M. García O.
942 _cLIBRO
949 _a630.71063 S5
_bBC
_cCONG
_d33724000740486
_eCONG
_h97330
_i91837
_st
949 _a630.71063 S5
_bBC
_cLIBRO
_d33724002002842
_eLIBRO
_fc.3
_h107462
_i91837
_st
949 _a630.71063 S5
_bBC
_cLIBRO
_d33724002004678
_eLIBRO
_fc.6
_h107465
_i91837
_st
949 _a630.71063 S5
_bBC
_cLIBRO
_d33724002004710
_eLIBRO
_fc.5
_h107464
_i91837
_st
949 _a630.71063 S5
_bBC
_cLIBRO
_d33724002004751
_eLIBRO
_fc.4
_h107463
_i91837
_st
949 _a630.71063 S5
_bBC
_cLIBRO
_d33724002170058
_eLIBRO
_fc.8
_gI.c/e
_h112670
_i91837
_sb
949 _a630.71063 S5
_bBC
_cLIBRO
_d33724002170090
_eLIBRO
_fc.7
_gI.c/e
_h112669
_i91837
_sb
949 _a630.71063 S5
_bBC
_cUACH
_d33724000855144
_eUACH
_fc.2
_h101427
_i91837
_sb
999 _c80396
_d80396